| 000 | 01118nam a22002177a 4500 | ||
|---|---|---|---|
| 999 |
_c59102 _d59102 |
||
| 003 | Ge_BSU | ||
| 005 | 20221125112850.0 | ||
| 008 | 221125s1982ge xxu||||| |||| 00| 0 geo d | ||
| 041 | _ageo | ||
| 080 | _a821.161.1-31 ტ-67 | ||
| 100 |
_aტოლსტოი, ლ.ნ. _916087 |
||
| 245 |
_aანა კარენინა. ნაწ. 5-8 : _cრომანი 8 ნაწილად / _h ლ.ნ. ტოლსტოი, თარგმანი ლ. ტიტვინიძის და თ. საყვარელიისა |
||
| 264 |
_aთბილისი : _bსაბჭ. საქართველო, _c1982. |
||
| 300 |
_a484 გვ. _b22 სმ. |
||
| 440 |
_aმსოფლიო ლიტერატურის ბიბლიოთეკა ; ტ. 54 _916088 |
||
| 653 | _aანა კარენინა. | ||
| 653 | _aმხატვრული ლიტერატურა | ||
| 700 |
_a ტიტვინიძე, ლ _eმთარგმნელი _916089 |
||
| 700 |
_aსაყვარელიძე, თ _eმთარგმნელი _916090 |
||
| 942 |
_2udc _cBK |
||